| 000 | 01132nam a2200241 a 4500 | ||
|---|---|---|---|
| 999 |
_c348495 _d348495 |
||
| 003 | BLK | ||
| 005 | 20250612092930.0 | ||
| 008 | 200210b bu ||||| |||| 00| 0 bu d | ||
| 020 | _a9786199098745 | ||
| 040 | _aBLK | ||
| 041 |
_aBUL _cBUL |
||
| 080 |
_aХомеопатична позология. Хомеопатия _b615.015.32 _z615.015.32 |
||
| 139 |
_aОснови на хомеопатичната терапия _bО 83 |
||
| 245 |
_aОснови на хомеопатичната терапия _cИ. Енев и др. _nТ. 2 _pХронична патология |
||
| 260 |
_9391193 _aСофия _bЕвроп. школа по клинична хомеопатия _c2019 _fСофия : Изток-Запад |
||
| 300 | _c24 см | ||
| 380 | _a61 | ||
| 650 | 7 |
_9176741 _aХомеопатия |
|
| 760 |
_dСофия, 2019 _h416 с. : с ил., табл. _oТ. 2 _tХронична патология _nИндекс на нозологични единици и патологични симптоми, описани в текста |
||
| 852 |
_bЧ _cЧ 615/О 83 |
||
| 852 |
_bЦб _aЦб |
||
| 942 |
_2udc _cKNG _n0 _s1 _01 |
||
| 944 |
_k30563 _lИвелин Русев |
||